| 000 | 01224nac a22003017a 4500 | ||
|---|---|---|---|
| 001 | BR7101088 | ||
| 003 | BR-BrBNA | ||
| 005 | 20240105113430.0 | ||
| 008 | 230509b bl.|||m| |||| 00| 0 por d | ||
| 040 |
_aBR-BrBNA _bpor _cBiblioteca Nacional de Agricultura |
||
| 072 | _aH70 | ||
| 090 | _a0150 BR7101088 | ||
| 100 | 1 | _aLink, D. | |
| 100 | 1 | _aRossetto, C.J. | |
| 100 | 1 | _aIgue, T. | |
| 110 | 1 |
_aUniversidade Federal de Santa Maria, RS (Brasil). Depto. de Fitotecnia _910933 |
|
| 245 | 1 | _aResistencia relativa de variedades de arroz em casca, ao ataque de Sitophilus oryzae (Linne, 1763), Sitophilus zeamais Motschulsky, 1855 e Sitotroga cerealella (Olivier, 1819)em condicoes de laboratorio [gorgulho dos cereais, traca dos cereais] | |
| 260 | 3 |
_aSanta Maria, RS (Brasil): _c1971. |
|
| 300 | _a70 p. | ||
| 490 |
_aBoletim Tecnico - Universidade Federal de Santa Maria. Depto. de Fitotecnia (Brazil) _vno. 2 _x |
||
| 500 | _a8 illus.; 8 tables; Bibliography p. 60-70 (84 ref.); Summaries (En, Pt) | ||
| 650 | _aARROZ EM CASCA | ||
| 650 | _aGORGULHO DOS CEREAIS | ||
| 650 | _aTRACA DOS CEREAIS | ||
| 650 | _aVARIEDADE RESISTENTE | ||
| 909 |
_a202312 _bLúcia Elande _c55 _dLúcia Elande |
||
| 942 |
_2AGRIS _n0 _cMS |
||
| 999 |
_c263690 _d263690 |
||